000 00544nam a22001937a 4500
999 _c18526
_d18526
008 200923b xxu||||| |||| 00| 0 eng d
020 _a0123694922
050 _aR853
_b.F67 2007 c.1
100 _aForthofer, Ronald N.
245 _aBiostatistics
_bA guide to design, analysis, and discovery
_cRonald N. Forthofer
250 _a2nd ed.
260 _aBoston
_bElsevier
_c2007
300 _axvii, 502p.
650 _aMedicine
_vresearch
650 _aBiometry
700 _aEun Sul Lee
700 _aMichael Hernandez
942 _2lcc
_cBK